00461 2200181 4500001002100000005001500021008004100036020002200077035001900099041000700118082000800125090001400133100001700147245002500164260004200189300003000231650001800261INLIS00000000000995120241224113921241224||||||||| | ||| |||| || |  a978-602-7888-71-5 0010-1224009951 aid0 a813 a813 KAN b0 aIndah Hanaco00aBeautiful Temptation aYogyakartabPT. Bentang Pustakac2013 a20,5x13 cm, vi, 274 hlm.; 0aKesusasteraan